Les buteurs du Portugal au Championnat d'Europe de football 2004 - Statistiques

Statistiques générales
  • Ce quiz a été pris 26 fois
  • Le résultat moyen est 5 sur 8
Statistiques - réponses
Match Minute Buteur % Correct
Portugal - Grèce 1-2 90+3' Cristiano Ronaldo
96%
Portugal - Pays-Bas 2-1 26' Cristiano Ronaldo
96%
Russie - Portugal 0-2 89' Rui Costa
60%
Portugal - Angleterre 2-2 (a.p.) (6-5 Tirs au but) 110' Rui Costa
60%
Portugal - Angleterre 2-2 (a.p.) (6-5 Tirs au but) 83' Hélder Postiga
56%
Russie - Portugal 0-2 7' Maniche
52%
Portugal - Pays-Bas 2-1 58' Maniche
52%
Espagne - Portugal 0-1 57' Nuno Gomes
52%
Aucun quiz correspondant
Distribution des résultats
% des personnes avec chaque résultat
Percentile par nombre de réponses
Votre historique - résultats
Vous n’avez pas pris ce quiz